Practical electrocardiography / (Record no. 3948)

000 -LEADER
fixed length control field 00771cam a2200241 i 4500
003 - CONTROL NUMBER IDENTIFIER
control field ALUPE UNIVERSITY COLLEGE
005 - DATE AND TIME OF LATEST TRANSACTION
control field 20220222092734.0
008 - FIXED-LENGTH DATA ELEMENTS--GENERAL INFORMATION
fixed length control field 761023t19771972mdua b 001 0 eng
020 ## - INTERNATIONAL STANDARD BOOK NUMBER
International Standard Book Number 0683055739
040 ## - CATALOGING SOURCE
Transcribing agency ALUPE UNIVERSITY COLLEGE
050 00 - LIBRARY OF CONGRESS CALL NUMBER
Classification number RC683.5
Item number .M37 1977
060 ## - NATIONAL LIBRARY OF MEDICINE CALL NUMBER
Classification number WG140 M359p
100 1# - MAIN ENTRY--PERSONAL NAME
Personal name Marriott, Henry J. L.
Dates associated with a name 1917-
245 10 - TITLE STATEMENT
Title Practical electrocardiography /
Statement of responsibility, etc. Henry J. L. Marriott.
250 ## - EDITION STATEMENT
Edition statement 6th ed.
260 ## - PUBLICATION, DISTRIBUTION, ETC.
Place of publication, distribution, etc. Baltimore :
Name of publisher, distributor, etc. Williams & Wilkins,
Date of publication, distribution, etc. 1977, c1972.
300 ## - PHYSICAL DESCRIPTION
Extent xv, 333 p. :
Other physical details ill. (1 in pocket) ;
Dimensions 24 cm.
504 ## - BIBLIOGRAPHY, ETC. NOTE
Bibliography, etc. note Includes bibliographies and index.
650 #0 - SUBJECT ADDED ENTRY--TOPICAL TERM
Topical term or geographic name entry element Electrocardiography.
650 #2 - SUBJECT ADDED ENTRY--TOPICAL TERM
Topical term or geographic name entry element Electrocardiography.
906 ## - LOCAL DATA ELEMENT F, LDF (RLIN)
a 7
b cbc
c orignew
d 1
e ocip
f 19
g y-gencatlg
942 ## - ADDED ENTRY ELEMENTS (KOHA)
Source of classification or shelving scheme
Koha item type Book
Holdings
Withdrawn status Lost status Source of classification or shelving scheme Damaged status Not for loan Permanent Location Current Location Shelving location Date acquired Source of acquisition Total Checkouts Full call number Barcode Date last seen Price effective from Koha item type Public note
          AU LIBRARY AU LIBRARY Open Shelf 22.02.2022 DONATION FROM MOI UNIVERSITY   RC683.5 .M37 1977 28005604 22.02.2022 22.02.2022 Book WO

Powered by Koha